00537nam a2200169Ia 450000500170000000800410001702000150005808200130007310000140008624500460010026000360014630000130018250000560019594200060025195200950025799900150035220250624020035.0240331s9999 xx 000 0 und d a9559553305 bANDa335 aAndradi,T 0aKollakari danawadayata erehiwa maxswadaya aMoratuwabKumari Printersc1993 a447 p ., aA comparative historical analysis - Against Marxism cL 001040708LaWERCLbWERCLcSSCd2024-03-31l0o 335 ANDp3336r2024-03-31w2024-03-31yL c5044d5044